[Event "Hessen-ch Seniors"]
[Site "Bruchkoebel"]
[Date "2002.03.22"]
[Round "1"]
[White "Laux, Gerhard"]
[Black "Panic, Milislav"]
[Result "0-1"]
[WhiteElo "1755"]
[BlackElo "2143"]
[PlyCount "38"]
[EventDate "2002.03.22"]
[EventType "swiss"]
[EventRounds "9"]
[EventCountry "GER"]
[SourceTitle "EXT 2003"]
[Source "ChessBase"]
[SourceDate "2002.11.25"]
[SourceVersion "1"]
[SourceVersionDate "2002.11.25"]
[SourceQuality "1"]

1. d4 d5 2. c4 c6 3. Nc3 Nf6 4. Nf3 Bf5 5. e3 e6 6. a3 Nbd7 7. cxd5 exd5 8. Bd3 Bxd3 9. Qxd3 Bd6 10. 0-0 Qe7 11. b4 Ne4 12. Ra2 0-0 13. g3 f5 14. Nd2 Rae8 15. Re1 Qg5 16. Ndxe4 fxe4 17. Qf1 Re6 18. f4 exf3 19. e4 Qg4 0-1

[Event "Hessenliga 0102"]
[Site "Germany"]
[Date "2001.12.02"]
[Round "4.6"]
[White "Becker, Michael"]
[Black "Panic, Milislav"]
[Result "1-0"]
[WhiteElo "2305"]
[BlackElo "2155"]
[PlyCount "51"]
[EventDate "2001.10.??"]
[EventType "team"]
[EventRounds "9"]
[EventCountry "GER"]
[SourceTitle "EXT 2003"]
[Source "ChessBase"]
[SourceDate "2002.11.25"]
[SourceVersion "1"]
[SourceVersionDate "2002.11.25"]
[SourceQuality "1"]
[WhiteTeam "Schoeneck II"]
[BlackTeam "Weiterstadt"]
[WhiteTeamCountry "GER"]
[BlackTeamCountry "GER"]

1. c4 c5 2. g3 Nc6 3. Bg2 Nf6 4. Nc3 e6 5. Nf3 d5 6. cxd5 Nxd5 7. 0-0 Be7 8. Nxd5 Qxd5 9. d3 0-0 10. Bf4 Qd7 11. Rc1 f6 12. Qb3 Kh8 13. Be3 Nd4 14. Nxd4 cxd4 15. Bd2 Rb8 16. Rc2 Qd6 17. Rfc1 e5 18. Rc7 Be6 19. Qa4 a6 20. Bxb7 Qb6 21. Qxa6 Qxa6 22. Bxa6 Bd8 23. Rb7 Rxb7 24. Bxb7 Bxa2 25. Rc8 Kg8 26. Bb4 1-0

[Event "Hessenliga 0102"]
[Site "Germany"]
[Date "2001.10.21"]
[Round "2.5"]
[White "Dubinski, Leonid"]
[Black "Panic, Milislav"]
[Result "1/2-1/2"]
[WhiteElo "2072"]
[BlackElo "2155"]
[PlyCount "81"]
[EventDate "2001.10.??"]
[EventType "team"]
[EventRounds "9"]
[EventCountry "GER"]
[SourceTitle "EXT 2003"]
[Source "ChessBase"]
[SourceDate "2002.11.25"]
[SourceVersion "1"]
[SourceVersionDate "2002.11.25"]
[SourceQuality "1"]
[WhiteTeam "Kassel"]
[BlackTeam "Weiterstadt"]
[WhiteTeamCountry "GER"]
[BlackTeamCountry "GER"]

1. e4 e6 2. d4 d5 3. e5 c5 4. c3 Nc6 5. Nf3 Bd7 6. a3 c4 7. Nbd2 Na5 8. g3 Ne7 9. h4 Qc7 10. Bh3 f5 11. 0-0 g6 12. Rb1 h6 13. Ne1 0-0-0 14. Ndf3 Nb3 15. Be3 Nc6 16. Bg2 Be7 17. Nd2 Nca5 18. f4 g5 19. hxg5 hxg5 20. Nxb3 Nxb3 21. Nf3 g4 22. Nd2 Rh5 23. Nxb3 Ba4 24. Kf2 Rdh8 25. Qe2 cxb3 26. Rh1 Qc4 27. Rxh5 Qxe2+ 28. Kxe2 Rxh5 29. Bg1 Bb5+ 30. Kd2 a5 31. Ra1 a4 32. Re1 Bc4 33. Ke3 Kc7 34. Kd2 b5 35. Rc1 Kb6 36. Re1 Rh8 37. Ra1 Ka5 38. Rc1 Kb6 39. Ra1 Ra8 40. Bf2 Rh8 41. Bg1 1/2-1/2

[Event "Bad Woerishofen Seniors op 17th"]
[Site "Bad Woerishofen"]
[Date "2001.03.22"]
[Round "8"]
[White "Peters, Paul"]
[Black "Panic, Milislav"]
[Result "1/2-1/2"]
[WhiteElo "1950"]
[BlackElo "1700"]
[PlyCount "114"]
[EventDate "2001.03.??"]
[EventType "swiss"]
[EventRounds "9"]
[EventCountry "GER"]
[SourceTitle "EXT 2002"]
[Source "ChessBase"]
[SourceDate "2001.11.25"]
[SourceVersion "1"]
[SourceVersionDate "2001.11.25"]
[SourceQuality "1"]

1. e4 c5 2. Nf3 d6 3. b3 Nf6 4. Nc3 Nc6 5. Bb2 e6 6. d4 cxd4 7. Nxd4 Bd7 8. Nxc6 Bxc6 9. Bd3 Be7 10. 0-0 0-0 11. Qe2 Qc7 12. Nb5 Qb8 13. Nd4 d5 14. Nxc6 bxc6 15. exd5 cxd5 16. Be5 Qb6 17. Kh1 Nd7 18. f4 Bf6 19. Rf3 g6 20. Raf1 Bxe5 21. fxe5 Nc5 22. Rh3 Nxd3 23. Qxd3 Rac8 24. Qd2 Qc7 25. Qh6 f5 26. exf6 Rf7 27. Qe3 Qd6 28. c3 e5 29. Rhf3 Rd8 30. Qg5 Kh8 31. h4 d4 32. cxd4 exd4 33. h5 Rg8 34. Rg3 d3 35. Qf4 Qd8 36. hxg6 Rxg6 37. Rxg6 hxg6 38. Qd2 Qd4 39. Rf2 Qa1+ 40. Kh2 Qd4 41. g3 Qe4 42. Rg2 Qd4 43. Rf2 Rh7+ 44. Kg2 Kg8 45. Qf4 Qxf4 46. Rxf4 Rd7 47. Rf1 d2 48. Rd1 Kf7 49. Kf2 Kxf6 50. Ke2 Kf5 51. Rxd2 Rxd2+ 52. Kxd2 Kg4 53. b4 Kxg3 54. b5 Kf4 55. a4 Ke5 56. a5 Kd6 57. Ke3 Kc5 1/2-1/2

[Event "Bad Woerishofen Seniors op 17th"]
[Site "Bad Woerishofen"]
[Date "2001.03.20"]
[Round "6"]
[White "Panic, Milislav"]
[Black "Villing, Dieter"]
[Result "1/2-1/2"]
[WhiteElo "1700"]
[BlackElo "2241"]
[PlyCount "118"]
[EventDate "2001.03.??"]
[EventType "swiss"]
[EventRounds "9"]
[EventCountry "GER"]
[SourceTitle "EXT 2002"]
[Source "ChessBase"]
[SourceDate "2001.11.25"]
[SourceVersion "1"]
[SourceVersionDate "2001.11.25"]
[SourceQuality "1"]

1. Nf3 Nf6 2. c4 d6 3. Nc3 e5 4. d3 c6 5. g3 Be7 6. Bg2 Nbd7 7. 0-0 0-0 8. e4 Re8 9. Rb1 Nf8 10. b4 Bg4 11. Be3 Ne6 12. Ne2 a5 13. a3 axb4 14. axb4 Qc7 15. Qb3 b5 16. cxb5 cxb5 17. Ra1 Rec8 18. Rxa8 Rxa8 19. Rc1 Qb7 20. h3 Bh5 21. g4 Bg6 22. Ng3 Qa6 23. Nf5 Bf8 24. Ng5 Qa4 25. Qc3 h6 26. Nf3 Qa3 27. Qc6 Ra4 28. Nxd6 Qxd3 29. Nf5 Qxe4 30. Qxe4 Nxe4 31. Nxe5 Rxb4 32. Rc8 Rb1+ 33. Kh2 Nf6 34. Rb8 Kh7 35. Rb7 Nd8 36. Rb6 Ba3 37. Bf3 b4 38. Bc5 Bb2 39. Nd3 Bc3 40. Bxb4 Ne6 41. Ba5 Rxb6 42. Bxb6 Nd7 43. Be3 Ne5 44. Nxe5 Bxe5+ 45. Ng3 Nd4 46. Bd5 Ne2 47. Kg2 Nxg3 48. fxg3 f6 49. h4 Bc2 50. Bf4 Bd1 51. Bf3 Bc2 52. Kf2 Kg8 53. Ke3 g5 54. Bxe5 fxe5 55. hxg5 hxg5 56. Be4 Bd1 57. Bf5 Kf7 58. Kd2 Bb3 59. Be4 Be6 1/2-1/2

[Event "Bad Woerishofen Seniors op 17th"]
[Site "Bad Woerishofen"]
[Date "2001.03.19"]
[Round "5"]
[White "Keserovic, Milan"]
[Black "Panic, Milislav"]
[Result "1-0"]
[WhiteElo "2204"]
[BlackElo "1700"]
[PlyCount "73"]
[EventDate "2001.03.??"]
[EventType "swiss"]
[EventRounds "9"]
[EventCountry "GER"]
[SourceTitle "EXT 2002"]
[Source "ChessBase"]
[SourceDate "2001.11.25"]
[SourceVersion "1"]
[SourceVersionDate "2001.11.25"]
[SourceQuality "1"]

1. e4 e6 2. d4 d5 3. Nd2 c5 4. exd5 exd5 5. Bb5+ Nc6 6. Ngf3 Bd6 7. 0-0 Nge7 8. dxc5 Bxc5 9. Nb3 Bd6 10. Nbd4 h6 11. c3 0-0 12. Be3 Bg4 13. Be2 Rc8 14. Qa4 Qa5 15. Qxa5 Nxa5 16. Nb5 Bb8 17. Nxa7 Bxa7 18. Bxa7 Nc4 19. Rfe1 Rc7 20. Bxc4 dxc4 21. Bb6 Rc6 22. Ne5 Rxb6 23. Nxg4 Nd5 24. Red1 Nf4 25. g3 Ng6 26. Rd2 Re8 27. Kg2 Rc6 28. Rad1 Kh7 29. Rd7 f5 30. Ne3 Rf8 31. Rxb7 Ne5 32. f4 Nd3 33. Nxc4 Nxf4+ 34. gxf4 Rxc4 35. Rdd7 Rg8 36. Kf3 Rc6 37. a4 1-0